<?xml version="1.0" encoding="UTF-8"?>
<record
    xmlns:xsi="http://www.w3.org/2001/XMLSchema-instance"
    xsi:schemaLocation="http://www.loc.gov/MARC21/slim http://www.loc.gov/standards/marcxml/schema/MARC21slim.xsd"
    xmlns="http://www.loc.gov/MARC21/slim">

  <leader>00634nam a22001937a 4500</leader>
  <controlfield tag="005">20240325153453.0</controlfield>
  <controlfield tag="008">240325b           ||||| |||| 00| 0 eng d</controlfield>
  <datafield tag="020" ind1=" " ind2=" ">
    <subfield code="a">9788126578511</subfield>
  </datafield>
  <datafield tag="040" ind1=" " ind2=" ">
    <subfield code="c">AIMIT LIBRARY</subfield>
  </datafield>
  <datafield tag="082" ind1=" " ind2=" ">
    <subfield code="2">1</subfield>
    <subfield code="a">006.31 </subfield>
    <subfield code="b">SRIA</subfield>
  </datafield>
  <datafield tag="100" ind1=" " ind2=" ">
    <subfield code="a">Srinivasaraghavan, Anuradha.</subfield>
    <subfield code="9">156740</subfield>
  </datafield>
  <datafield tag="245" ind1=" " ind2=" ">
    <subfield code="a">Machine Learning /</subfield>
    <subfield code="c">By Anuradha Srinivasaraghavan and Vincy Joseph.</subfield>
  </datafield>
  <datafield tag="300" ind1=" " ind2=" ">
    <subfield code="a">xix,308 p.;</subfield>
    <subfield code="b">PB</subfield>
    <subfield code="c">25 cm.</subfield>
  </datafield>
  <datafield tag="650" ind1=" " ind2=" ">
    <subfield code="a">Model and cost function</subfield>
    <subfield code="9">156741</subfield>
  </datafield>
  <datafield tag="650" ind1=" " ind2=" ">
    <subfield code="a">Basics of vectors and matrices</subfield>
    <subfield code="9">156742</subfield>
  </datafield>
  <datafield tag="650" ind1=" " ind2=" ">
    <subfield code="a">Data preprocessing</subfield>
    <subfield code="9">156743</subfield>
  </datafield>
  <datafield tag="700" ind1=" " ind2=" ">
    <subfield code="a">Joseph, Vincy.</subfield>
    <subfield code="9">156744</subfield>
  </datafield>
  <datafield tag="942" ind1=" " ind2=" ">
    <subfield code="2">ddc</subfield>
    <subfield code="c">BK</subfield>
    <subfield code="e">1</subfield>
    <subfield code="k">006.31 SRIA</subfield>
  </datafield>
  <datafield tag="999" ind1=" " ind2=" ">
    <subfield code="c">230609</subfield>
    <subfield code="d">230609</subfield>
  </datafield>
  <datafield tag="952" ind1=" " ind2=" ">
    <subfield code="0">0</subfield>
    <subfield code="1">0</subfield>
    <subfield code="2">ddc</subfield>
    <subfield code="4">0</subfield>
    <subfield code="7">0</subfield>
    <subfield code="8">MCA</subfield>
    <subfield code="a">AIMIT</subfield>
    <subfield code="b">AIMIT</subfield>
    <subfield code="d">2024-03-07</subfield>
    <subfield code="e">Biblios Book Point</subfield>
    <subfield code="g">659.00</subfield>
    <subfield code="i">Bill no:8337; Bill dt:2024-03-24</subfield>
    <subfield code="l">1</subfield>
    <subfield code="o">006.31  SRIA</subfield>
    <subfield code="p">MCA17259</subfield>
    <subfield code="r">2026-05-23 00:00:00</subfield>
    <subfield code="s">2025-07-25</subfield>
    <subfield code="t">006.31 SRIA</subfield>
    <subfield code="v">527.00</subfield>
    <subfield code="w">2024-03-25</subfield>
    <subfield code="y">BK</subfield>
  </datafield>
</record>
